The mentor book of major American poets : From Edward Taylor and Walt Whitman to Hart Crane and W.H. Auden

A handy collection of twenty great American poets spanning three centuries: Edward Taylor, Ralph Waldo Emerson, Henry Wadsworth Longfellow, Edgar Allan Poe, Walt Whitman, Emily Dickinson, Edwin Arlington Robinson, Stephen Crane, Robert Frost, Vachel Lindsay, Wallace Stevens, William Carlos Williams,...

Cur síos iomlán

Đã lưu trong:
Sonraí Bibleagrafaíochta
Formáid: Leabhar
Teanga:Undetermined
Foilsithe: New York Mentor 1962
Ábhair:
Clibeanna: Cuir Clib Leis
Gan Chlibeanna, Bí ar an gcéad duine leis an taifead seo a chlibeáil!
Thư viện lưu trữ: Trung tâm Học liệu Trường Đại học Cần Thơ
LEADER 01069nam a2200205Ia 4500
001 CTU_220324
008 210402s9999 xx 000 0 und d
082 |a 811.008 
082 |b M549 
245 4 |a The mentor book of major American poets : 
245 0 |b From Edward Taylor and Walt Whitman to Hart Crane and W.H. Auden 
245 0 |c Edited by Oscar Williams and Edwin Honig 
260 |a New York 
260 |b Mentor 
260 |c 1962 
520 |a A handy collection of twenty great American poets spanning three centuries: Edward Taylor, Ralph Waldo Emerson, Henry Wadsworth Longfellow, Edgar Allan Poe, Walt Whitman, Emily Dickinson, Edwin Arlington Robinson, Stephen Crane, Robert Frost, Vachel Lindsay, Wallace Stevens, William Carlos Williams, Ezra Pound, Marianne Moore, John Crowe Ransom, Edna St. Vincent Millay, Archibald MacLeish, E.E. Cummings,Hart Crane, W.H. Auden. rc. 
650 |a Thơ Mỹ,American poetry 
650 |x Bộ sưu tập,Collections 
904 |i Gia Linh,Hải 
980 |a Trung tâm Học liệu Trường Đại học Cần Thơ